000 03630nam a2200349 a 4500
001 83136
003 BD-RjUL
005 20240222124529.0
008 240222t20182018njua b 001 0 eng
020 _a9781118926482
_q(hardcover)
020 _a9781118926345
_q(paperback)
035 _a(BD-RjUL)83136
040 _aNNL
_cDLC
_dYDX
_dYUS
_dNLHHG
_dBD-RjUL
_beng
_erda
041 _aeng
082 _223
_a330.019
_bECO 2018
245 0 0 _aEconomic psychology /
_cedited by Rob Ranyard.
264 1 _aHoboken, NJ :
_bThe British Psychological Society and John Wiley & Sons Ltd,
_c2018.
264 4 _c©2018
300 _axxvi, 483 pages ;
_c26 cm.
336 _atext
_btxt
_2rdacontent
337 _aunmediated
_bn
_2rdamedia
338 _avolume
_bnc
_2rdacarrier
490 1 _aBPS textbooks in psychology
504 _aIncludes bibliographical references and index.
520 _a"A comprehensive overview of contemporary economic psychology Economic Psychology presents an accessible overview of contemporary economic psychology. The science of economic mental life and behavior is increasingly relevant as people are expected to take more responsibility for their household and personal economic decisions. The text will, in addition to reviewing current knowledge on each topic presented, consider the practical and policy implications for supporting economic decision making. Economic Psychology examines the central aspects of adult decision making in everyday life and includes the theories of economic decision making based on risk, value and affect, and theories of intertemporal choice. The text reviews the nature and behavioral consequences of economic mental representations about such things as material possessions, money and the economy. The editor Robert Ranyarda noted expert on economic psychologypresents a life-span developmental approach, from childhood to old age. He also reviews the important societal issues such as charitable giving and economic sustainability. This vital resource: Reviews the economic psychology in everyday life including financial behaviour such as saving and tax-paying and matters such as entrepreneurial activity Offers an introduction to the field and traces the emergence of the discipline, from Adam Smith to George Katona and Herbert Simon Includes information on societal issues such as charitable giving and pro-environmental behaviour Considers broader perspectives on economic psychology: life-span psychological development from childhood to old age Written for students of psychology, Economic Psychology reviews the most important information on contemporary economic psychology with a focus on individual and household economic decision making, ranging widely across financial matters such as borrowing and saving, and economic activities such as buying, trading, and working."--
520 _a"This book presents an accessible overview of contemporary economic psychology. The science of economic mental life and behavior is increasingly relevant as people are expected to take more responsibility for their household and personal economic decisions. The text will, in addition to reviewing current knowledge on each topic presented, consider the practical and policy implications for supporting economic decision making"--
650 4 _aEconomics
_xPsychological aspects
_911866
700 1 _aRanyard, Rob
_eeditor
_911867
776 0 8 _iOnline version:
_tEconomic psychology.
_dHoboken : Wiley-Blackwell, 2017
_z9781118926475
_w(DLC) 2017016417
830 0 _aBPS textbooks in psychology.
_911868
942 _2ddc
_cBK
999 _c83136
_d83136